Hacia una reconsideración de la antropología visual como metodología de investigación social /

Guardado en:
Bibliografiske detaljer
Hovedforfatter: Vila, Pablo
Format: Texto
Fag:
Tags: Tilføj Tag
Ingen Tags, Vær først til at tagge denne postø!

MARC

LEADER 00000 a a2200000 04500
001 7754
003
040
100 |a Vila, Pablo  
245 |a Hacia una reconsideración de la antropología visual como metodología de investigación social /  |c Pablo Vila 
650 |a FOTOGRAFIA  
650 |a ANTROPOLOGIA  
650 |a METODOLOGIA  
650 |a IDENTIDAD CULTURAL  
650 |a INVESTIGACION DE CAMPO  
773 |g número 6; páginas 125-167  
999 |c 38843  |d 38843